Disciplining young children / (Record no. 9261)
[ view plain ]
| 000 -LEADER | |
|---|---|
| fixed length control field | 01166cam a22003254a 4500 |
| 001 - CONTROL NUMBER | |
| control field | 11985395 |
| 003 - CONTROL NUMBER IDENTIFIER | |
| control field | SISC |
| 005 - DATE AND TIME OF LATEST TRANSACTION | |
| control field | 20160404100256.0 |
| 008 - FIXED-LENGTH DATA ELEMENTS--GENERAL INFORMATION | |
| fixed length control field | 000425s2001 mnu b 001 0 eng |
| 010 ## - LIBRARY OF CONGRESS CONTROL NUMBER | |
| LC control number | 00032750 |
| 020 ## - INTERNATIONAL STANDARD BOOK NUMBER | |
| International Standard Book Number | 9780736807012 |
| 040 ## - CATALOGING SOURCE | |
| Original cataloging agency | DLC |
| Transcribing agency | DLC |
| Modifying agency | DLC |
| 042 ## - AUTHENTICATION CODE | |
| Authentication code | pcc |
| 050 00 - LIBRARY OF CONGRESS CALL NUMBER | |
| Classification number | HQ 770.4 |
| Item number | .T49 2001 |
| 082 00 - DEWEY DECIMAL CLASSIFICATION NUMBER | |
| Classification number | HS 649.64 |
| Item number | .K28 2001 |
| 100 1# - MAIN ENTRY--PERSONAL NAME | |
| Personal name | Thoennes Keller, Kristin. |
| 9 (RLIN) | 10282 |
| 245 10 - TITLE STATEMENT | |
| Title | Disciplining young children / |
| Statement of responsibility, etc | Kristin Thoennes Keller ; consultant, Ann Michelle Daniels. |
| 260 ## - PUBLICATION, DISTRIBUTION, ETC. (IMPRINT) | |
| Place of publication, distribution, etc | Minnesota : |
| Name of publisher, distributor, etc | Life Matters, |
| Date of publication, distribution, etc | c2001. |
| 300 ## - PHYSICAL DESCRIPTION | |
| Extent | 64 p. : |
| Other physical details | ill. ; |
| Dimensions | 24 cm. |
| 440 #0 - SERIES STATEMENT/ADDED ENTRY--TITLE | |
| Title | Skills for teens who parent |
| 9 (RLIN) | 12969 |
| 504 ## - BIBLIOGRAPHY, ETC. NOTE | |
| Bibliography, etc | Includes bibliographical references and index. |
| 562 ## - COPY AND VERSION IDENTIFICATION NOTE | |
| Presentation format | 1 |
| 650 #0 - SUBJECT ADDED ENTRY--TOPICAL TERM | |
| Topical term or geographic name as entry element | Discipline of children. |
| General subdivision | Juvenile literature. |
| 9 (RLIN) | 12987 |
| 650 #0 - SUBJECT ADDED ENTRY--TOPICAL TERM | |
| Topical term or geographic name as entry element | Teenage parents. |
| General subdivision | Juvenile literature. |
| 9 (RLIN) | 12988 |
| 700 1# - ADDED ENTRY--PERSONAL NAME | |
| Personal name | Daniels, Ann Michelle. |
| 9 (RLIN) | 12989 |
| 906 ## - LOCAL DATA ELEMENT F, LDF (RLIN) | |
| a | 7 |
| b | cbc |
| c | orignew |
| d | 1 |
| e | ocip |
| f | 20 |
| g | y-gencatlg |
| 942 ## - ADDED ENTRY ELEMENTS (KOHA) | |
| Source of classification or shelving scheme | Library of Congress Classification |
| Koha item type | Books |
| Withdrawn status | Lost status | Source of classification or shelving scheme | Damaged status | Home library | Current library | Shelving location | Date acquired | Total Checkouts | Full call number | Barcode | Date last seen | Copy number | Price effective from | Koha item type |
|---|---|---|---|---|---|---|---|---|---|---|---|---|---|---|
| Library of Congress Classification | Luxembourg Library | Luxembourg Library | High School Section | 08/24/2013 | HQ 770.4 .T49 2001 | 17200 | 04/04/2016 | 1 | 08/24/2013 | Books | ||||
| Library of Congress Classification | Luxembourg Library | Luxembourg Library | High School Section | 08/27/2013 | HQ 770.4 .T49 2001 | 17199 | 04/04/2016 | 1 | 08/27/2013 | Books |